LEADER 01047nam a2200229 i 4500 001 000000194399 003 CaOOAMICUS 005 20101113000000.0 008 101113s1972 it u000 u mul u 013 $a173050 040 $aSeMil$bita 245 10$aSaggi e ricerche nel 7. centenario della nascita del B. Bernardo Tolomei :$b1272-1972. 260 $aMonte Oliveto Maggiore (Siena) :$b[s.n.],$c1972. 300 $a190 p. :$b[8] p. di tav. + [1] c. di ritr. ;$c24 cm. 490 0 $aStudia Olivetana ;$v1 500 $aIn testa al front : Autori vari. 600 14$aTolomei, Bernardo .$0(OLS)http://semarc/subject/16533 830 0$aStudia Olivetana ;$v1.$0(OLS)http://semarc/title/13147 850 $aSeMil 852 $aSeMil$W1$xVenegono$y1$m3J V 121$j144973$B144973$CSeMilBibl$Z2$F156399 $81 996 $6245$aSaggi e ricerche nel 7. centenario della nascita del B. Bernardo Tolomei :$b1272-1972$9(OLS)http://semarc/title/280302 996 $6260$aMonte Oliveto Maggiore (Siena) :$b[s.n.]$9(OLS)http://semarc/publisher/32714 LEADER 01198nam a2200301 i 4500 001 000000067286 003 CaOOAMICUS 005 20100128000000.0 008 100128s1989 it u000 u ita u 013 $a38458 020 $a88-307-0277-7 040 $aSeMil$bita 100 1 $aGandhi, Mohandas Karamchand,$d<1869-1948>.$0(OLS)http://semarc/name/27397 240 14$aThe message of Jesus Christ.$0(OLS)http://semarc/title/107221 245 10$aGandhi parla di Gesł /$cM. K. Gandhi. 250 $a[2. ed. con una nuova e pił organica distribuzione dei materiali]. 260 $aBologna :$bEMI,$c1989. 300 $a121 p. ;$c19 cm. 500 $aFondo Card. C.M. Martini. 600 04$aGesł Cristo.$0(OLS)http://semarc/subject/712 650 4$aCristianesimo e induismo.$0(OLS)http://semarc/subject/4622 850 $aSeMil 852 $aSeMil$W1$xVenegono$y1$m2X I 193 °$j33439$B33439$CSeMilBibl$Z2$F33442 $81 941 1 $a4 961 $aOmaggio: Martini Card. Carlo Maria 996 $6020$a88-307-0277-7$9(OLS)http://semarc/number/45153 996 $6245$aGandhi parla di Gesł$9(OLS)http://semarc/title/107220 996 $6260$aBologna :$bEMI$9(OLS)http://semarc/publisher/29618